000 00418nam a2200145 4500
999 _c9493
_d9493
003 OSt
005 20210629121915.0
008 210629b ||||| |||| 00| 0 eng d
020 _aAR-UG2241
082 _a751.4
_bBOW
100 _aBowley, Flora; Lomax, Zipporah,
245 _aCreative revolution : personal transformation through brave intuitive painting
260 _aUSA
_bQuarto publishing group
_c2016
942 _2ddc